[Event "Matinhos Caioba-ch"]
[Site "Matinhos"]
[Date "2015.08.28"]
[Round "2"]
[White "De Carvalho, Thais Ferreira Mont"]
[Black "Correa, Jose Augusto"]
[Result "0-1"]
[WhiteElo "1417"]
[BlackElo "1892"]
[PlyCount "84"]
[EventDate "2015.08.28"]
[EventType "swiss"]
[EventRounds "6"]
[EventCountry "BRA"]
[SourceTitle "EXT 2016"]
[Source "ChessBase"]
[SourceDate "2015.10.08"]
[SourceVersion "1"]
[SourceVersionDate "2015.10.08"]
[SourceQuality "1"]

1. Nf3 Nf6 2. g3 b6 3. d4 Bb7 4. Bg2 e6 5. c4 c5 6. e3 Nc6 7. Nc3 cxd4 8. Nxd4 Bb4 9. Bd2 0-0 10. 0-0 Qc8 11. a3 Be7 12. Rc1 Nxd4 13. Bxb7 Qxb7 14. exd4 d5 15. cxd5 Nxd5 16. Qf3 Rfd8 17. Nxd5 Qxd5 18. Qxd5 Rxd5 19. Be3 Bf6 20. Rfd1 Rad8 21. Rc7 R8d7 22. Rxd7 Rxd7 23. f4 h6 24. b4 Rc7 25. Rd3 Rc2 26. h4 Kf8 27. Bf2 h5 28. d5 Rc3 29. Rxc3 Bxc3 30. dxe6 fxe6 31. Kf1 Ke7 32. Ke2 Kd6 33. Kd3 Bb2 34. a4 Ba3 35. a5 bxa5 36. b5 Bc5 37. Bxc5+ Kxc5 38. Kc3 Kxb5 39. Kb3 Kc5 40. Kc3 Kb5 41. Kd3 a4 42. Kc2 a3 0-1

[Event "Curitiba Sul Regional-ch"]
[Site "Curitiba"]
[Date "2015.07.11"]
[Round "4"]
[White "De Carvalho, Thais Ferreira Mont"]
[Black "Santa Isabel, Marivaldo dos Reis"]
[Result "1/2-1/2"]
[WhiteElo "1416"]
[BlackElo "1689"]
[PlyCount "50"]
[EventDate "2015.07.10"]
[EventType "swiss"]
[EventRounds "6"]
[EventCountry "BRA"]
[SourceTitle "EXT 2017"]
[Source "ChessBase"]
[SourceDate "2016.10.25"]
[SourceVersion "1"]
[SourceVersionDate "2016.10.25"]
[SourceQuality "1"]

1. e4 c5 2. f4 Nf6 3. Nc3 d6 4. Nf3 Nc6 5. d3 g6 6. g3 Bg4 7. Bg2 Nd4 8. 0-0 Bg7 9. Be3 Bxf3 10. Bxf3 Nxf3+ 11. Qxf3 Qb6 12. Rab1 Qc6 13. d4 cxd4 14. Bxd4 0-0 15. Qg2 Rae8 16. e5 Qxg2+ 17. Kxg2 dxe5 18. Bxe5 Nd7 19. Bxg7 Kxg7 20. Rbd1 Rd8 21. Rf2 Nf6 22. Rfd2 Rxd2+ 23. Rxd2 a6 24. a4 Rc8 25. Rd4 e6 1/2-1/2

[Event "Parana-ch"]
[Site "Curitiba"]
[Date "2015.01.31"]
[Round "7"]
[White "Goncalves, Andre Pirola"]
[Black "De Carvalho, Thais Ferreira Mont"]
[Result "0-1"]
[WhiteElo "1774"]
[BlackElo "1771"]
[PlyCount "102"]
[EventDate "2015.01.28"]
[EventType "swiss"]
[EventRounds "8"]
[EventCountry "BRA"]
[SourceTitle "CBM 164 Extra"]
[Source "ChessBase"]
[SourceDate "2015.03.02"]
[SourceVersion "1"]
[SourceVersionDate "2015.03.02"]
[SourceQuality "1"]

1. e4 c6 2. d4 d5 3. exd5 cxd5 4. Bb5+ Bd7 5. Bxd7+ Qxd7 6. Nc3 Nf6 7. Nf3 Nc6 8. Bg5 Ne4 9. Nxe4 dxe4 10. Ne5 Qc7 11. Nxc6 Qxc6 12. d5 Qb5 13. Rb1 0-0-0 14. Qg4+ Kb8 15. Qxe4 Qxd5 16. Qxd5 Rxd5 17. Bf4+ e5 18. Be3 f5 19. Bg5 h6 20. Bd2 Bc5 21. Rd1 Rhd8 22. 0-0 Rxd2 23. Rde1 e4 24. g3 Rxc2 25. Rc1 Rdd2 26. Rcd1 Rxf2 27. Rxf2 Rxf2 28. Rd8+ Kc7 29. Rd5 Rd2+ 30. Rxc5+ Kd6 31. Rxf5 e3 32. Kf1 Rxb2 33. Rf3 e2+ 34. Kf2 Rxa2 35. Rd3+ Ke5 36. Re3+ Kd4 37. Re7 b5 38. Kf3 b4 39. Rd7+ Kc3 40. Re7 b3 41. Rc7+ Kd4 42. Rd7+ Kc5 43. Rxg7 e1Q 44. Rc7+ Kb6 45. Rh7 Qc3+ 46. Kf4 Rf2+ 47. Ke4 Qc6+ 48. Ke3 Qf3+ 49. Kd4 Rd2+ 50. Ke5 Re2+ 51. Kd4 Qe4+ 0-1

[Event "Parana-ch"]
[Site "Curitiba"]
[Date "2015.01.30"]
[Round "5"]
[White "Bianeck, Misrael"]
[Black "De Carvalho, Thais Ferreira Mont"]
[Result "1-0"]
[WhiteElo "1972"]
[BlackElo "1771"]
[PlyCount "137"]
[EventDate "2015.01.28"]
[EventType "swiss"]
[EventRounds "8"]
[EventCountry "BRA"]
[SourceTitle "CBM 164 Extra"]
[Source "ChessBase"]
[SourceDate "2015.03.02"]
[SourceVersion "1"]
[SourceVersionDate "2015.03.02"]
[SourceQuality "1"]

1. d4 Nf6 2. c4 g6 3. Nc3 d5 4. cxd5 Nxd5 5. e4 Nxc3 6. bxc3 Bg7 7. Nf3 c5 8. Be3 0-0 9. Qd2 b6 10. dxc5 Qxd2+ 11. Kxd2 Nd7 12. cxb6 axb6 13. Bd4 Bh6+ 14. Kc2 Nc5 15. Bxc5 bxc5 16. Bc4 Bb7 17. Bd5 Bxd5 18. exd5 Bg7 19. a4 Rfd8 20. Rhd1 Ra5 21. Ra2 c4 22. Raa1 Rda8 23. d6 exd6 24. Rxd6 Rxa4 25. Rxa4 Rxa4 26. Rd8+ Bf8 27. Nd2 Ra2+ 28. Kb1 Ra3 29. Kb2 Ra4 30. Rc8 Ra7 31. Nxc4 Re7 32. Ne3 Rb7+ 33. Kc2 Ra7 34. Rb8 Ra2+ 35. Rb2 Rxb2+ 36. Kxb2 Bg7 37. Kb3 f5 38. c4 Kf7 39. Kb4 Be5 40. h3 Ke6 41. Kb5 Kd7 42. c5 Kc7 43. Nd5+ Kc8 44. Kc6 Bd4 45. f3 Bf2 46. g4 fxg4 47. fxg4 Bh4 48. Nb6+ Kd8 49. Kb7 Bg3 50. c6 Bf4 51. Nd5 Be5 52. Nf6 h6 53. Nd5 Bg3 54. Ne3 Bh2 55. Ng2 Ke7 56. c7 Bxc7 57. Kxc7 Ke6 58. Nf4+ Kf6 59. Kd6 g5 60. Nd5+ Kg6 61. Ke6 h5 62. Ne7+ Kh6 63. Kf6 hxg4 64. hxg4 Kh7 65. Nf5 Kg8 66. Kxg5 Kf7 67. Kh6 Kg8 68. Ne7+ Kf7 69. g5 1-0

[Event "Parana-ch"]
[Site "Curitiba"]
[Date "2015.01.29"]
[Round "2"]
[White "De Carvalho, Thais Ferreira Mont"]
[Black "Crul, Otavio Augusto Barr"]
[Result "0-1"]
[WhiteElo "1771"]
[BlackElo "1652"]
[PlyCount "92"]
[EventDate "2015.01.28"]
[EventType "swiss"]
[EventRounds "8"]
[EventCountry "BRA"]
[SourceTitle "CBM 164 Extra"]
[Source "ChessBase"]
[SourceDate "2015.03.02"]
[SourceVersion "1"]
[SourceVersionDate "2015.03.02"]
[SourceQuality "1"]

1. Nf3 d5 2. g3 Nc6 3. e3 e5 4. Bb5 Bd6 5. d4 e4 6. Ne5 Bxe5 7. dxe5 Qe7 8. Nc3 Qxe5 9. Qxd5 Qxd5 10. Nxd5 Kd8 11. Bd2 Be6 12. Nf4 Bd7 13. Bc3 Nf6 14. Bxf6+ gxf6 15. 0-0-0 a6 16. Bxc6 bxc6 17. Nh5 Ke7 18. Rd4 f5 19. Rhd1 Rad8 20. g4 Rhg8 21. h3 fxg4 22. Rxe4+ Be6 23. Rxd8 Kxd8 24. Nf6 Rg6 25. Nxg4 c5 26. Kd2 f5 27. Ne5 fxe4 28. Nxg6 hxg6 29. h4 Ke7 30. Ke2 Kd6 31. f4 exf3+ 32. Kxf3 Ke5 33. a3 c4 34. Ke2 Ke4 35. Kf1 a5 36. Ke2 Bg4+ 37. Kd2 c5 38. Kc3 Be2 39. Kd2 Bf1 40. Ke1 Kxe3 41. Kxf1 Kd2 42. c3 Kc2 43. Ke2 Kxb2 44. Kd2 Kxa3 45. Kc2 a4 46. Kd2 Kb2 0-1

[Event "Parana-ch"]
[Site "Curitiba"]
[Date "2015.01.29"]
[Round "3"]
[White "Grilo, Bruno Ianzen"]
[Black "De Carvalho, Thais Ferreira Mont"]
[Result "1-0"]
[WhiteElo "1800"]
[BlackElo "1771"]
[PlyCount "65"]
[EventDate "2015.01.28"]
[EventType "swiss"]
[EventRounds "8"]
[EventCountry "BRA"]
[SourceTitle "CBM 164 Extra"]
[Source "ChessBase"]
[SourceDate "2015.03.02"]
[SourceVersion "1"]
[SourceVersionDate "2015.03.02"]
[SourceQuality "1"]

1. e4 d5 2. exd5 Qxd5 3. Nc3 Qe5+ 4. Qe2 Nc6 5. Nf3 Qxe2+ 6. Bxe2 Bf5 7. d3 0-0-0 8. Be3 Nf6 9. h3 Nb4 10. 0-0-0 Nfd5 11. Nxd5 Nxd5 12. g4 Be6 13. Ng5 h6 14. Nxe6 fxe6 15. Bd2 e5 16. c4 Nf4 17. Bxf4 exf4 18. h4 e5 19. g5 hxg5 20. hxg5 Rxh1 21. Rxh1 Be7 22. g6 Bg5 23. Kc2 Rd6 24. Bg4+ Kd8 25. Rh8+ Ke7 26. Rb8 b6 27. Rb7 Rxg6 28. Rxc7+ Kd6 29. Rd7+ Kc6 30. Rxa7 Bh4 31. f3 Bf2 32. b4 b5 33. Ra6+ 1-0

[Event "Curitiba Terzian Memorial op"]
[Site "Curitiba"]
[Date "2014.10.31"]
[Round "2"]
[White "De Carvalho, Thais Ferreira Mont"]
[Black "Melo, Sergio Roberto Samp"]
[Result "0-1"]
[WhiteElo "1771"]
[BlackElo "1787"]
[PlyCount "54"]
[EventDate "2014.10.31"]
[EventType "swiss"]
[EventRounds "6"]
[EventCountry "BRA"]
[SourceTitle "EXT 2015"]
[Source "ChessBase"]
[SourceDate "2014.11.20"]
[SourceVersion "1"]
[SourceVersionDate "2014.11.20"]
[SourceQuality "1"]

1. e4 e6 2. d4 d5 3. e5 c5 4. c3 Qb6 5. Be2 Bd7 6. Nf3 cxd4 7. cxd4 Bb4+ 8. Bd2 Nc6 9. a3 Bxd2+ 10. Qxd2 Na5 11. Bd1 Nc4 12. Qc1 Qxb2 13. Qxb2 Nxb2 14. Be2 Rc8 15. 0-0 Ne7 16. Nbd2 0-0 17. Rab1 Rc2 18. Bd1 Nxd1 19. Rfxd1 b6 20. Ne1 Rc7 21. Rdc1 Rfc8 22. Nd3 Nf5 23. Nf3 h5 24. g3 Rc3 25. Rd1 Rxa3 26. Rbc1 Rxc1 27. Nxc1 Rxf3 0-1